<?xml version="1.0" encoding="UTF-8"?>
<record
    xmlns:xsi="http://www.w3.org/2001/XMLSchema-instance"
    xsi:schemaLocation="http://www.loc.gov/MARC21/slim http://www.loc.gov/standards/marcxml/schema/MARC21slim.xsd"
    xmlns="http://www.loc.gov/MARC21/slim">

  <leader>00807nam a2200217 a 4500</leader>
  <controlfield tag="001">55681</controlfield>
  <controlfield tag="003">BD-RjUL</controlfield>
  <controlfield tag="005">20211209080312.0</controlfield>
  <controlfield tag="008">161121s1996    ii ||||| |||| 00| 0 ben d</controlfield>
  <datafield tag="035" ind1=" " ind2=" ">
    <subfield code="a">(BD-RjUL)55805</subfield>
  </datafield>
  <datafield tag="040" ind1=" " ind2=" ">
    <subfield code="a">BD-RjUL</subfield>
    <subfield code="b">ben </subfield>
    <subfield code="c">BD-RjUL</subfield>
  </datafield>
  <datafield tag="041" ind1=" " ind2=" ">
    <subfield code="a">ben </subfield>
  </datafield>
  <datafield tag="082" ind1=" " ind2=" ">
    <subfield code="2">23 </subfield>
    <subfield code="a">954.03 </subfield>
    <subfield code="b">RAP 1996 </subfield>
  </datafield>
  <datafield tag="100" ind1=" " ind2=" ">
    <subfield code="a">&#x9B0;&#x9BE;&#x9AF;&#x9BC;, &#x9B0;&#x99C;&#x9A4; &#x995;&#x9BE;&#x9A8;&#x9CD;&#x9A4; </subfield>
    <subfield code="9">165850</subfield>
  </datafield>
  <datafield tag="245" ind1="1" ind2="0">
    <subfield code="a">&#x9AA;&#x9B2;&#x9BE;&#x9B6;&#x9C0;&#x9B0; &#x9B7;&#x9A1;&#x9BC;&#x9AF;&#x9A8;&#x9CD;&#x9A4;&#x9CD;&#x9B0; &#x993; &#x9B8;&#x9C7;&#x995;&#x9BE;&#x9B2;&#x9C7;&#x9B0; &#x9B8;&#x9AE;&#x9BE;&#x99C; / </subfield>
    <subfield code="c">&#x9B0;&#x99C;&#x9A4; &#x995;&#x9BE;&#x9A8;&#x9CD;&#x9A4; &#x9B0;&#x9BE;&#x9AF;&#x9BC;</subfield>
  </datafield>
  <datafield tag="260" ind1=" " ind2=" ">
    <subfield code="a">&#x995;&#x9B2;&#x9BF;&#x995;&#x9BE;&#x9A4;&#x9BE; :</subfield>
    <subfield code="b">&#x9A6;&#x9C7;;&#x99C; &#x9AA;&#x9BE;&#x9AC;&#x9B2;&#x9BF;&#x9B6;&#x9BF;&#x982;, </subfield>
    <subfield code="c">&#x9E7;&#x9EF;&#x9EF;&#x9EC; [?] </subfield>
  </datafield>
  <datafield tag="300" ind1=" " ind2=" ">
    <subfield code="a">&#x9E9;&#x9E7;&#x9E6; &#x9AA;&#x9C3;.  ; </subfield>
    <subfield code="c">&#x9E8;&#x9E7; &#x9B8;&#x9C7;&#x9AE;&#x9BF; . </subfield>
  </datafield>
  <datafield tag="650" ind1=" " ind2=" ">
    <subfield code="a">&#x987;&#x9A4;&#x9BF;&#x9B9;&#x9BE;&#x9B8; </subfield>
    <subfield code="z">&#x9AC;&#x9C7;&#x999;&#x9CD;&#x997;&#x9B2; </subfield>
    <subfield code="9">165832</subfield>
  </datafield>
  <datafield tag="650" ind1=" " ind2=" ">
    <subfield code="a">History </subfield>
    <subfield code="z">Bengal </subfield>
    <subfield code="9">117058</subfield>
  </datafield>
  <datafield tag="942" ind1=" " ind2=" ">
    <subfield code="2">ddc</subfield>
    <subfield code="c">BK</subfield>
  </datafield>
  <datafield tag="999" ind1=" " ind2=" ">
    <subfield code="c">55681</subfield>
    <subfield code="d">55681</subfield>
  </datafield>
  <datafield tag="952" ind1=" " ind2=" ">
    <subfield code="0">0</subfield>
    <subfield code="1">0</subfield>
    <subfield code="2">ddc</subfield>
    <subfield code="4">0</subfield>
    <subfield code="7">0</subfield>
    <subfield code="8">NFIC</subfield>
    <subfield code="a">RUCL</subfield>
    <subfield code="b">RUCL</subfield>
    <subfield code="c">Stack</subfield>
    <subfield code="d">1996-06-23</subfield>
    <subfield code="e">World Agency, Dhaka</subfield>
    <subfield code="g">60.00</subfield>
    <subfield code="l">0</subfield>
    <subfield code="o">B 954.03  RAP 1996</subfield>
    <subfield code="r">2016-11-21 00:00:00</subfield>
    <subfield code="t">C-2</subfield>
    <subfield code="w">2016-11-21</subfield>
    <subfield code="y">BK</subfield>
  </datafield>
</record>
